Effect of antiprostaglandies and steroids on macular oedema after cataract surgery (Record no. 49600)

MARC details
000 -LEADER
fixed length control field 00366nam a2200133Ia 4500
008 - FIXED-LENGTH DATA ELEMENTS--GENERAL INFORMATION
fixed length control field 230917s9999||||xx |||||||||||||| ||und||
040 ## - CATALOGING SOURCE
-- 93263
Original cataloging agency VIVEKANANDA LIBRARY
041 ## - Language
-- English
082 ## - DDC NUMBER
Classification number 617.7 K127E
100 ## - MAIN ENTRY--PERSONAL NAME
Personal name Kalra, Suresh Chander
245 #0 - TITLE STATEMENT
Title Effect of antiprostaglandies and steroids on macular oedema after cataract surgery
300 ## - PHYSICAL DESCRIPTION
Pages 99 p.
942 ## - ADDED ENTRY ELEMENTS (KOHA)
Koha item type Thesis
Holdings
Withdrawn status Lost status Damaged status Not for loan Location (home branch) Sublocation or collection (holding branch) Shelving location Date acquired Koha issues (times borrowed) Koha full call number Accession No. Koha date last seen Koha item type
        VIVEKANANDA LIBRARY VIVEKANANDA LIBRARY Reference 20/06/2003   617.7 K127E 117568 17/09/2023 Thesis
© Designed and Maintained by Vivekananda Library, MDU Rohtak